000 00803nam a2200217 a 4500
005 20110905120041.0
010 _aG-001396
020 _c495.00
_a9788189297558
035 _aG-001396
037 _bGift
082 _a230.91
100 _aFida Mohammad Hassnain
_934334
245 _aShri Amarnathji Tirtha Kashmir /
_cby Fida Mohammad Hassnain
260 _aSrinagar
_bGulshan Books
_c2009
270 _aResidency Road
_bSrinagar
_e190001
300 _a117p.
_c23cm(Hb)
500 _aIncludes bibliographical references
942 _2ddc
_cEN
_mFID
_h230.91
999 _c56285
_d56285